| 000 | 00486nam a2200193Ia 4500 | ||
|---|---|---|---|
| 003 | OSt | ||
| 005 | 20250701104615.0 | ||
| 008 | 210210b1985 xxu||||| |||| 00| 0 eng d | ||
| 040 | _cAL | ||
| 041 | _aeng | ||
| 082 | _a338.954 GHOI | ||
| 100 |
_aAlak Ghosh _9210221 |
||
| 245 |
_aIndian economy _b: its nature and problems |
||
| 260 |
_aCalcutta _bThe World Press Pvt Ltd., _c1985 |
||
| 300 | _axxiv,871p. | ||
| 690 |
_aIndian Economics _9210222 |
||
| 906 | _a036793 | ||
| 942 |
_2ddc _cBK |
||
| 999 |
_c87415 _d87415 |
||